| 000 | 00713nam a2200217 a 4500 | ||
|---|---|---|---|
| 005 | 20210223125938.0 | ||
| 008 | 060331s2001 ag 000 0 spa d | ||
| 020 | _a9870001742 | ||
| 035 | _aUPN01000144921 | ||
| 049 | _aCG | ||
| 050 | 4 |
_aHD9710 J3 _bB6.5 |
|
| 100 | 1 |
_aBoyer, Robert, _d1943- |
|
| 245 | 1 | 4 |
_aLos modelos productivos / _cRobert Boyer, Michel Freysenet ; tr. Irene Brousse. |
| 260 |
_aBuenos Aires : _bLumen-Hvmanitas, _c2001. |
||
| 300 | _a115 p. | ||
| 500 | _a"Asociación Trabajo y Sociedad" | ||
| 650 | 4 |
_aAUTOMOVILES - _xINDUSTRIA Y COMERCIO - _zJAPON _9594 |
|
| 650 | 4 |
_aAUTOMOVILES - _xINDUSTRIA Y COMERCIO - _zESTADOS UNIDOS _92 |
|
| 700 | 1 |
_aFreysenet, Michel, _ecoaut. |
|
| 905 | _aLibro | ||
| 999 |
_c117068 _d117068 |
||